Anatomía humana y embriología / (Record no. 142352)

MARC details
000 -LEADER
campo de control de longitud fija 00789nam a2200181 i 4500
001 - NÚMERO DE CONTROL
campo de control 142352
003 - IDENTIFICADOR DE NÚMERO DE CONTROL
campo de control ES-MaACL
005 - FECHA Y HORA DE LA ÚLTIMA TRANSACCIÓN
campo de control 20230906200512.0
007 - CAMPO FIJO DE DESCRIPCIÓN FÍSICA--INFORMACIÓN GENERAL
campo de control de longitud fija t|
008 - DATOS DE LONGITUD FIJA--INFORMACIÓN GENERAL
campo de control de longitud fija 071004m19301931sp ||||1| spa d
100 1# - ENTRADA PRINCIPAL--NOMBRE DE PERSONA
Nombre de persona Villa y Sanz, Julián de la.
9 (RLIN) 114899
245 10 - MENCIÓN DEL TÍTULO
Título Anatomía humana y embriología /
Mención de responsabilidad, etc. por Julián de la Villa ; ilustraciones de José Muñoz.
260 ## - PUBLICACIÓN, DISTRIBUCIÓN, ETC.
Lugar de publicación, distribución, etc. Madrid :
Nombre del editor, distribuidor, etc. [s.n.],
Fecha de publicación, distribución, etc. 1930-31 (
Lugar de fabricación/manufactura Santander :
Fabricante Aldus)
300 ## - DESCRIPCIÓN FÍSICA
Extensión 7 v. ;
Dimensiones 24 cm.
505 8# - NOTA DE CONTENIDO CON FORMATO
Nota de contenido con formato Contiene: I. Prolegómenos, morfología, embriología general --II. Osteología -- III. Artrología -- IV. Miología -- V. Esplagnología -- VI. Esplagnología (aparato respiratorio) -- VII. Esplagnología (sistema genito-urinario)
700 1# - ENTRADA AGREGADA--NOMBRE PERSONAL
Nombre de persona Muñoz, José.
9 (RLIN) 84317
852 ## - LOCALIZACIÓN
Ubicación ES-MaACL
Número de control de estantería A-4792-98
Sublocalización o colección R.16761
Holdings
Estatus retirado Estado de pérdida Estado de daño No para préstamo Biblioteca de origen Biblioteca actual Ubicación en estantería Fecha de adquisición Fuente de adquisición Total de préstamos Signatura topográfica completa Código de barras Visto por última vez Precio de reemplazo Tipo de ítem Koha
        Biblioteca del Ateneo de Madrid Biblioteca del Ateneo de Madrid Sala Pecera Planta 1 17/01/2008     A-4792-98 1148117 23/02/2023 23/02/2023 Libro impreso